000 00483nam a22001817a 4500
003 OSt
005 20231124115222.0
008 231124b |||||||| |||| 00| 0 eng d
020 _a978-93-86832-83-2
040 _cEnglish
082 _a158.1/KIN/GOO
_b11131
100 _aKing Vex
245 _aGood Vibes Good Life
260 _aAustralia
_bHay House Publishers India
_c2019
300 _a275p
_bThird Reprint
653 _aInstagram Guru, Good Vibes, Good life
942 _2ddc
_cBK
_n0
999 _c969
_d969